US most populated overseas territories - Statistics

General Stats
  • This quiz has been taken 30 times
  • The average score is 5 of 5
Answer Stats
Hint Answer % Correct
Single island Guam
100%
There is a British version as well US Virgin Islands
96%
Most populated territory Puerto Rico
92%
Oceania American Samoa
88%
Thanks for the islands, Japan Northern Mariana Islands
73%
No matching quizzes found
Score Distribution
Percent of People with Each Score
Percentile by Number Answered
Your Score History
You have not taken this quiz